[Event "CCT Play-in Chessable Masters 2024"]
[Site "Online"]
[Date "2024.01.31"]
[Round "1"]
[White "Ibarra Jerez, Jose Carlos"]
[Black "Hakobyan, Aram"]
[Result "1/2-1/2"]
[WhiteElo "2559"]
[BlackElo "2616"]
[Annotator "RC"]
[PlyCount "51"]
[EventDate "2024.01.26"]
[EventType "swiss"]
[EventCountry "NET"]
[SourceTitle "playchess.com"]
[Source "ChessBase"]
[SourceQuality "1"]

1. e4 c5 2. Nf3 d6 3. d4 cxd4 4. Nxd4 Nf6 5. Nc3 a6 6. g3 e5 7. Nb3 Be7 8. Bg5 Be6 9. Bxf6 Bxf6 10. Qd3 O-O 11. O-O-O Be7 12. h4 Nd7 13. f4 Nf6 14. f5 Bxb3 15. axb3 Qa5 16. Kb1 Rac8 17. Be2 Rfd8 18. Bf3 h5 19. Qe2 Rxc3 20. bxc3 Qxc3 21. Rd3 Qb4 22. Qe1 Qb6 23. Qe3 Qb4 24. Qe1 Qb6 25. Qe3 Qb4 26. Qe1 1/2-1/2

[Event "CCT Play-in Chessable Masters 2024"]
[Site "Online"]
[Date "2024.01.31"]
[Round "1"]
[White "ViIIagra"]
[Black "Andreikin, Dmitry"]
[Result "1-0"]
[WhiteElo "2555"]
[BlackElo "2729"]
[Annotator "TA"]
[PlyCount "58"]
[EventDate "2024.01.26"]
[EventType "swiss"]
[EventCountry "NET"]
[SourceTitle "playchess.com"]
[Source "ChessBase"]
[SourceQuality "1"]

1. d4 Nf6 2. Nc3 d5 3. Bf4 a6 4. e3 c5 5. Nf3 Bg4 6. Be2 e6 7. O-O Nc6 8. Ne5 Bxe2 9. Qxe2 Rc8 10. Rad1 cxd4 11. exd4 Be7 12. Rfe1 O-O 13. Nb1 Qa5 14. a3 Qb6 15. c3 Nxe5 16. Bxe5 Ne4 17. Bf4 Qb3 18. Bc1 b5 19. Nd2 Nxd2 20. Rxd2 a5 21. Rd3 Qc4 22. Red1 b4 23. axb4 axb4 24. Qh5 bxc3 25. Rh3 h6 26. Bxh6 g6 27. Qe5 f6 28. Qxe6+ Rf7 29. Rxc3 Qa4 1-0

[Event "CCT Play-in Chessable Masters 2024"]
[Site "Online"]
[Date "2024.01.31"]
[Round "1"]
[White "Dragun, Kamil"]
[Black "Sereiaza"]
[Result "1-0"]
[WhiteElo "2553"]
[BlackElo "2596"]
[Annotator "RC"]
[PlyCount "115"]
[EventDate "2024.01.26"]
[EventType "swiss"]
[EventCountry "NET"]
[SourceTitle "playchess.com"]
[Source "ChessBase"]
[SourceQuality "1"]

1. d4 Nf6 2. c4 e6 3. Nc3 Bb4 4. e3 O-O 5. Bd3 d5 6. Nge2 dxc4 7. Bxc4 c5 8. a3 Bxc3+ 9. Nxc3 cxd4 10. exd4 Nc6 11. Be3 b6 12. O-O Bb7 13. Bd3 Rc8 14. Bc2 e5 15. dxe5 Qxd1 16. Raxd1 Nxe5 17. Bf5 Rcd8 18. Rxd8 Rxd8 19. Rd1 Rxd1+ 20. Nxd1 Be4 21. Bc8 Bc2 22. Nc3 Nc4 23. Bc1 Nd6 24. Ba6 Nd7 25. Bf1 Nc5 26. Bf4 Nde4 27. Nb5 a6 28. Nc7 Bd3 29. b4 Bxf1 30. bxc5 Bc4 31. cxb6 Nc5 32. f3 Nb7 33. Kf2 f6 34. Ke3 Kf7 35. Kd4 Bf1 36. g4 a5 37. Bd2 Be2 38. Ke3 Bd1 39. h3 Ke7 40. f4 Kd7 41. f5 Bb3 42. Nb5 Bd5 43. Nd4 Nd6 44. Kf4 Nc4 45. Bc3 Nxa3 46. Ne6 Nc4 47. Nxg7 Bf7 48. b7 Kc7 49. h4 Kxb7 50. Bxf6 a4 51. g5 a3 52. h5 Nb6 53. Ba1 Kc6 54. g6 hxg6 55. fxg6 Bb3 56. h6 Nd5+ 57. Kg5 Ne7 58. Nf5 1-0

[Event "CCT Play-in Chessable Masters 2024"]
[Site "Online"]
[Date "2024.01.31"]
[Round "1"]
[White "Fier, Alexandr"]
[Black "crescentmoon"]
[Result "1/2-1/2"]
[WhiteElo "2549"]
[BlackElo "2663"]
[Annotator "RC"]
[PlyCount "129"]
[EventDate "2024.01.26"]
[EventType "swiss"]
[EventCountry "NET"]
[SourceTitle "playchess.com"]
[Source "ChessBase"]
[SourceQuality "1"]

1. e4 c5 2. Nf3 Nc6 3. d4 cxd4 4. Nxd4 e5 5. Nb5 d6 6. c4 g6 7. Bd3 a6 8. N5c3 Be6 9. O-O Nf6 10. Nd5 Nd7 11. Nbc3 Bg7 12. Be3 O-O 13. Qd2 Rc8 14. b3 f5 15. exf5 gxf5 16. f4 e4 17. Be2 Kh8 18. Rad1 Rg8 19. Kh1 Qe8 20. Rf2 Bxd5 21. Nxd5 Nc5 22. Qe1 Ne6 23. Bf1 Qh5 24. Rfd2 Rcd8 25. Qf2 a5 26. a3 Nc5 27. b4 Nb3 28. Be2 Qf7 29. Rc2 axb4 30. axb4 Ra8 31. h3 Ra1 32. Rxa1 Nxa1 33. Ra2 Nb3 34. b5 Ne7 35. Nb6 Ng6 36. Bh5 Qe6 37. Ra7 Rb8 38. Qa2 Nc5 39. Ra8 Rxa8 40. Qxa8+ Qg8 41. Qxg8+ Kxg8 42. Nd5 Ne6 43. g4 Nd4 44. Bxd4 Bxd4 45. gxf5 Nh4 46. f6 Kf8 47. f7 Nf5 48. Bg4 Ne3 49. Nxe3 Bxe3 50. Bf5 Kxf7 51. Bxh7 Bxf4 52. Bxe4 b6 53. Kg2 Be3 54. Kf3 Bc5 55. Kg4 Kg7 56. h4 Kh6 57. h5 Bd4 58. Bf3 Bc5 59. Kf5 Bb4 60. Ke6 Bc5 61. Kd5 Kg5 62. Kc6 Kh6 63. Kd5 Kg5 64. Kc6 Kh6 65. Kd5 1/2-1/2

[Event "CCT Play-in Chessable Masters 2024"]
[Site "Online"]
[Date "2024.01.31"]
[Round "1"]
[White "Ju, Wenjun"]
[Black "Guseinov, Gadir"]
[Result "0-1"]
[WhiteElo "2549"]
[BlackElo "2636"]
[Annotator "RC"]
[PlyCount "58"]
[EventDate "2024.01.26"]
[EventType "swiss"]
[EventCountry "NET"]
[SourceTitle "playchess.com"]
[Source "ChessBase"]
[SourceQuality "1"]

1. d4 Nf6 2. c4 g6 3. Nc3 Bg7 4. e4 d6 5. h3 O-O 6. Be3 e5 7. d5 Na6 8. g4 Nc5 9. Qc2 a5 10. Nge2 c6 11. Ng3 cxd5 12. cxd5 Bd7 13. a4 Rc8 14. Be2 Qb6 15. g5 Ne8 16. Nb5 Qd8 17. Nc3 f5 18. gxf6 Bxf6 19. Bg4 Bg5 20. Qe2 Bxe3 21. Qxe3 Nb3 22. Rd1 Nd4 23. Rxd4 exd4 24. Qxd4 Bxg4 25. hxg4 Qg5 26. Qd1 Nf6 27. f3 Nd7 28. O-O Ne5 29. Qe2 h5 0-1

[Event "CCT Play-in Chessable Masters 2024"]
[Site "Online"]
[Date "2024.01.31"]
[Round "1"]
[White "Drygalov, Sergey"]
[Black "Hovhannisyan, Robert"]
[Result "0-1"]
[WhiteElo "2547"]
[BlackElo "2611"]
[Annotator "RC"]
[PlyCount "104"]
[EventDate "2024.01.26"]
[EventType "swiss"]
[EventCountry "NET"]
[SourceTitle "playchess.com"]
[Source "ChessBase"]
[SourceQuality "1"]

1. d4 d5 2. c4 e6 3. Nf3 Nd7 4. Nc3 Ngf6 5. Bf4 Bb4 6. cxd5 Nxd5 7. Bd2 N5f6 8. Qc2 b6 9. e4 Bb7 10. e5 Nd5 11. Bd3 c5 12. Ne4 cxd4 13. O-O O-O 14. Neg5 g6 15. Nxh7 Rc8 16. Qb1 Bxd2 17. Nxf8 Qxf8 18. Nxd2 Nxe5 19. Re1 Nxd3 20. Qxd3 Nf4 21. Qxd4 Nxg2 22. Ne4 Nxe1 23. Nf6+ Kh8 24. Rxe1 Qc5 25. Qf4 Kg7 26. Ng4 Qf5 27. Qd4+ Kf8 28. Qh8+ Ke7 29. Qh4+ g5 30. Qg3 Qd5 31. Qa3+ Rc5 32. f3 Qxf3 33. Qxf3 Bxf3 34. Ne3 g4 35. Kf2 Rh5 36. Nf1 e5 37. b4 Ke6 38. a4 f5 39. a5 bxa5 40. bxa5 f4 41. Rc1 e4 42. Rc6+ Kd7 43. Rf6 e3+ 44. Nxe3 fxe3+ 45. Kxe3 Kc7 46. Rf7+ Kb8 47. a6 Rxh2 48. Kd4 Rd2+ 49. Kc5 Rc2+ 50. Kd4 Rc6 51. Rb7+ Ka8 52. Rf7 Rxa6 0-1

[Event "CCT Play-in Chessable Masters 2024"]
[Site "Online"]
[Date "2024.01.31"]
[Round "1"]
[White "VSERGUEI"]
[Black "Zohid6"]
[Result "0-1"]
[WhiteElo "2544"]
[BlackElo "2719"]
[Annotator "RC"]
[PlyCount "136"]
[EventDate "2024.01.26"]
[EventType "swiss"]
[EventCountry "NET"]
[SourceTitle "playchess.com"]
[Source "ChessBase"]
[SourceQuality "1"]

1. d4 e6 2. c4 b6 3. e4 Bb4+ 4. Bd2 Bxd2+ 5. Nxd2 Nc6 6. Ngf3 Qf6 7. e5 Qg6 8. Qb1 Qxb1+ 9. Rxb1 f6 10. Bd3 Bb7 11. a3 O-O-O 12. O-O Nh6 13. Rfe1 Nf7 14. Rbd1 a5 15. b3 Ne7 16. h3 fxe5 17. dxe5 g5 18. Be4 h5 19. Bxb7+ Kxb7 20. Re4 Rdg8 21. Nf1 Kc8 22. Ne3 Nc6 23. g3 Re8 24. c5 bxc5 25. Rc1 d6 26. exd6 cxd6 27. h4 g4 28. Ng5 Nfe5 29. Kg2 Rhf8 30. Nc4 Nxc4 31. Rexc4 Kd7 32. Ne4 Rd8 33. Rd1 Ke7 34. Rc3 Rd7 35. Re3 Rb8 36. Ng5 e5 37. f3 gxf3+ 38. Rxf3 Rf8 39. Re3 Rb7 40. Kh3 Nd4 41. Rdd3 a4 42. b4 Nf5 43. Re4 cxb4 44. axb4 Rfb8 45. Rf3 Nh6 46. Ra3 Rxb4 47. Rxa4 Rxa4 48. Rxa4 Rb7 49. Ra8 Ng4 50. Rh8 Nf6 51. Ne4 d5 52. Nxf6 Kxf6 53. Rh6+ Kf5 54. Rxh5+ Ke4 55. g4 d4 56. g5 d3 57. Rh8 d2 58. Rd8 Rb3+ 59. Kg4 Rd3 60. Rxd3 Kxd3 61. Kf5 d1=Q 62. Kxe5 Qg4 63. Kf6 Qxh4 64. Kf5 Qe4+ 65. Kf6 Qf4+ 66. Kg6 Ke4 67. Kh5 Kf5 68. g6 Qg5# 0-1

[Event "CCT Play-in Chessable Masters 2024"]
[Site "Online"]
[Date "2024.01.31"]
[Round "1"]
[White "Holt, Conrad"]
[Black "youngKID"]
[Result "1/2-1/2"]
[WhiteElo "2540"]
[BlackElo "2481"]
[Annotator "RC"]
[PlyCount "85"]
[EventDate "2024.01.26"]
[EventType "swiss"]
[EventCountry "NET"]
[SourceTitle "playchess.com"]
[Source "ChessBase"]
[SourceQuality "1"]

1. d4 Nf6 2. c4 e6 3. Nc3 Bb4 4. Qc2 Nc6 5. Nf3 d5 6. e3 O-O 7. Bd3 a5 8. O-O Bxc3 9. bxc3 b6 10. cxd5 exd5 11. Ne5 Qd6 12. Nxc6 Qxc6 13. Ba3 Re8 14. Rfc1 Ba6 15. Bxa6 Rxa6 16. c4 dxc4 17. Qxc4 Qxc4 18. Rxc4 Nd5 19. Rb1 Raa8 20. g3 f5 21. Rb5 Rad8 22. Rc6 Kf7 23. Kg2 Re6 24. Rc1 Ke8 25. Kf3 c6 26. Rb2 Kd7 27. h3 Rde8 28. Rd2 Nxe3 29. Bf8 Rxf8 30. fxe3 Rfe8 31. Rc3 Kd6 32. Rb2 Kc7 33. a4 g6 34. Rcb3 Rb8 35. g4 Rf6 36. Kg3 fxg4 37. hxg4 g5 38. Rh2 h6 39. Rhb2 Re6 40. Kf3 Rf6+ 41. Kg3 Rb7 42. Rc3 Rb8 43. Rcb3 1/2-1/2

[Event "CCT Play-in Chessable Masters 2024"]
[Site "Online"]
[Date "2024.01.31"]
[Round "1"]
[White "GMKrikor"]
[Black "KuzubovYuriy"]
[Result "0-1"]
[WhiteElo "2537"]
[BlackElo "2698"]
[Annotator "TA"]
[PlyCount "82"]
[EventDate "2024.01.26"]
[EventType "swiss"]
[EventCountry "NET"]
[SourceTitle "playchess.com"]
[Source "ChessBase"]
[SourceQuality "1"]

1. Nf3 d5 2. c4 d4 3. b4 g5 4. h3 Bg7 5. d3 h6 6. g3 e5 7. Bg2 Ne7 8. O-O O-O 9. Nbd2 Ng6 10. a4 f5 11. a5 a6 12. b5 Be6 13. Nh2 c6 14. bxc6 Nxc6 15. Nb3 e4 16. Ba3 Re8 17. Nc5 Nxa5 18. Nxe6 Rxe6 19. Qa4 Nc6 20. Rab1 Qc7 21. Qb3 Na5 22. Qa2 Rae8 23. c5 Kh7 24. Qd5 Qf7 25. dxe4 f4 26. Nf3 Nc6 27. Rb6 fxg3 28. fxg3 Qc7 29. e5 Ngxe5 30. Nxe5 Bxe5 31. Qb3 R6e7 32. Bxc6 bxc6 33. Qd3+ Kg7 34. Bb2 Qd7 35. Rf5 Rf7 36. Rxe5 Qxh3 37. e3 Qxg3+ 38. Kh1 Qe1+ 39. Kg2 Rf2+ 40. Kh3 Qh1+ 41. Kg4 Qh4# 0-1

[Event "CCT Play-in Chessable Masters 2024"]
[Site "Online"]
[Date "2024.01.31"]
[Round "1"]
[White "Kevlishvili, Robby"]
[Black "alexrustemov"]
[Result "1-0"]
[WhiteElo "2531"]
[BlackElo "2700"]
[Annotator "TA"]
[PlyCount "155"]
[EventDate "2024.01.26"]
[EventType "swiss"]
[EventCountry "NET"]
[SourceTitle "playchess.com"]
[Source "ChessBase"]
[SourceQuality "1"]

1. e4 e6 2. d4 d5 3. Nd2 c5 4. Ngf3 cxd4 5. Nxd4 Nc6 6. Bb5 Bd7 7. Nxc6 Bxc6 8. Bxc6+ bxc6 9. c4 Qa5 10. O-O Nf6 11. Qc2 Qa6 12. b3 Be7 13. Bb2 O-O 14. Rfe1 Rfd8 15. a3 Qb7 16. Rab1 a5 17. h3 h6 18. exd5 cxd5 19. cxd5 Nxd5 20. Nc4 Bf6 21. Bxf6 Nxf6 22. Re3 Rd5 23. Rg3 Qc7 24. a4 Rad8 25. Re1 Qc5 26. Qc3 Kf8 27. Rf3 Kg8 28. Rg3 Kf8 29. Rge3 Rb8 30. Rf3 Qb4 31. Re5 Rd1+ 32. Kh2 Qxc3 33. Rxc3 Nd5 34. Rf3 Kg8 35. Nxa5 Rb1 36. Re2 Rb4 37. Rc2 Rb8 38. Rc5 g5 39. Rc6 Kg7 40. Rd6 Kg6 41. Nc6 Rb7 42. a5 Ra1 43. a6 Rc7 44. a7 Raxa7 45. Nxa7 Rxa7 46. g3 Rb7 47. Kg2 h5 48. Rc6 Rb4 49. Rc4 Rb7 50. h4 g4 51. Rd3 Kf5 52. b4 Ke5 53. Rb3 Kd6 54. b5 Nc7 55. Rc6+ Kd7 56. Rc5 Nd5 57. Rb2 Kd6 58. Rc8 f5 59. Rh8 Nf6 60. b6 e5 61. Rb5 f4 62. gxf4 exf4 63. Rh6 Ke6 64. Kh2 f3 65. Kg3 Kf7 66. Kf4 Kg7 67. Rxf6 Kxf6 68. Rxh5 Rg7 69. Rh6+ Ke7 70. b7 Rg8 71. Rb6 Rb8 72. Kxg4 Kd7 73. Rb1 Kc7 74. Kh3 Kc6 75. h5 Kc7 76. h6 Kc6 77. h7 Kc7 78. Kg4 1-0

[Event "CCT Play-in Chessable Masters 2024"]
[Site "Online"]
[Date "2024.01.31"]
[Round "1"]
[White "Chirila, Ioan-Cristian"]
[Black "Sivuk, Vitaly"]
[Result "0-1"]
[WhiteElo "2530"]
[BlackElo "2502"]
[Annotator "RC"]
[PlyCount "104"]
[EventDate "2024.01.26"]
[EventType "swiss"]
[EventCountry "NET"]
[SourceTitle "playchess.com"]
[Source "ChessBase"]
[SourceQuality "1"]

1. d4 Nf6 2. c4 e6 3. Nf3 d5 4. Nc3 Be7 5. Bf4 O-O 6. Qc2 b6 7. cxd5 Nxd5 8. Nxd5 Qxd5 9. a3 c5 10. e4 Qc6 11. Ne5 Qb7 12. Be2 cxd4 13. Nf3 Nc6 14. O-O Bd7 15. Bd3 Rac8 16. Qe2 Nb8 17. Nxd4 Rfd8 18. Rfd1 Ba4 19. b3 Rxd4 20. bxa4 Rcd8 21. Be3 R4d7 22. e5 g6 23. a5 Rd5 24. axb6 axb6 25. a4 Rxe5 26. Bc4 Nd7 27. Qb2 Bf6 28. Bd4 Rg5 29. f4 Bxd4+ 30. Rxd4 Rc5 31. Bb5 Rd5 32. Bc4 Rxd4 33. Qxd4 Rc8 34. Rb1 Qc7 35. Ba6 Qc5 36. Rd1 Qxd4+ 37. Rxd4 Rc1+ 38. Kf2 Nc5 39. Bb5 Rc2+ 40. Kf3 h5 41. Rd6 Rb2 42. Rd8+ Kg7 43. Rb8 Rb3+ 44. Ke2 Rb4 45. Kf3 Nxa4 46. Bxa4 Rxa4 47. Rxb6 Ra2 48. Rb7 Kf6 49. Rc7 Ra5 50. g3 Ra2 51. h3 Ra3+ 52. Kf2 h4 0-1

[Event "CCT Play-in Chessable Masters 2024"]
[Site "Online"]
[Date "2024.01.31"]
[Round "1"]
[White "JSPrepz"]
[Black "Iturrizaga Bonelli, Eduardo"]
[Result "1-0"]
[WhiteElo "2530"]
[BlackElo "2600"]
[Annotator "RC"]
[PlyCount "69"]
[EventDate "2024.01.26"]
[EventType "swiss"]
[EventCountry "NET"]
[SourceTitle "playchess.com"]
[Source "ChessBase"]
[SourceQuality "1"]

1. e4 c5 2. Nf3 Nc6 3. b4 cxb4 4. d4 d5 5. exd5 Qxd5 6. c4 Qd6 7. d5 Ne5 8. Bb2 Nxf3+ 9. Qxf3 Nf6 10. Nd2 Bg4 11. Qe3 Bh5 12. c5 Qxd5 13. Bb5+ Nd7 14. O-O e6 15. Ne4 Be7 16. Bxg7 Rg8 17. Bf6 Rxg2+ 18. Kxg2 Bxf6 19. Rae1 Ke7 20. Bxd7 Rg8+ 21. Kh1 Bd4 22. Qf4 Qxd7 23. Qh4+ Kf8 24. Qxh5 Qc6 25. f3 Qa6 26. Qh6+ Rg7 27. Rg1 Qd3 28. Rxg7 Bxg7 29. Qf4 Bd4 30. Nd6 f5 31. h4 Bf6 32. Kg2 Bc3 33. Qh6+ Bg7 34. Qxe6 Qd2+ 35. Re2 1-0

[Event "CCT Play-in Chessable Masters 2024"]
[Site "Online"]
[Date "2024.01.31"]
[Round "1"]
[White "Smirnov, Pavel"]
[Black "Miladinovic, Igor"]
[Result "1/2-1/2"]
[WhiteElo "2526"]
[BlackElo "2489"]
[Annotator "RC"]
[PlyCount "106"]
[EventDate "2024.01.26"]
[EventType "swiss"]
[EventCountry "NET"]
[SourceTitle "playchess.com"]
[Source "ChessBase"]
[SourceQuality "1"]

1. d4 d5 2. c4 Nc6 3. Nc3 Nf6 4. Nf3 dxc4 5. Bg5 Nd5 6. e4 Nxc3 7. bxc3 Na5 8. Be2 c6 9. O-O g6 10. Nd2 b5 11. f4 Bg7 12. e5 O-O 13. Ne4 f5 14. Nc5 Nb7 15. Nxb7 Bxb7 16. Bf3 Qd7 17. Qe2 e6 18. Rfd1 Rf7 19. h3 a6 20. Kh2 h6 21. Bh4 Kh7 22. Qe3 Qc7 23. a4 Rg8 24. Rdb1 Bf8 25. Ra2 Be7 26. Bxe7 Rxe7 27. h4 Reg7 28. Kg1 g5 29. hxg5 hxg5 30. fxg5 Rxg5 31. Kf2 Kg6 32. Rh1 Rg7 33. Raa1 Kf7 34. Rh8 c5 35. axb5 cxd4 36. cxd4 Bxf3 37. Qxf3 Rxg2+ 38. Qxg2 Rxg2+ 39. Kxg2 Qb7+ 40. Kf2 Qe4 41. bxa6 Qxd4+ 42. Kg2 Qb2+ 43. Kf3 Qxa1 44. a7 Qc3+ 45. Kf2 Qd4+ 46. Kf1 Qf4+ 47. Kg2 Qd2+ 48. Kf1 Qd1+ 49. Kg2 Qe2+ 50. Kg1 Qg4+ 51. Kf1 Qf4+ 52. Kg1 Qe3+ 53. Kf1 Qf4+ 1/2-1/2

[Event "CCT Play-in Chessable Masters 2024"]
[Site "Online"]
[Date "2024.01.31"]
[Round "1"]
[White "Raja Rithvik R"]
[Black "BilodeauA"]
[Result "0-1"]
[WhiteElo "2522"]
[BlackElo "2579"]
[Annotator "RC"]
[PlyCount "74"]
[EventDate "2024.01.26"]
[EventType "swiss"]
[EventCountry "NET"]
[SourceTitle "playchess.com"]
[Source "ChessBase"]
[SourceQuality "1"]

1. d4 d5 2. c4 dxc4 3. Nf3 a6 4. e3 Bg4 5. Bxc4 e6 6. O-O Nf6 7. h3 Bh5 8. b3 Nc6 9. Bb2 Bd6 10. Nbd2 O-O 11. Be2 Nd5 12. Nc4 f5 13. Nxd6 cxd6 14. Rc1 Nce7 15. Qd2 Nf6 16. Qb4 Qd7 17. Ba3 Rad8 18. Rfd1 Ned5 19. Qa5 f4 20. Qd2 Ne4 21. Qe1 Qf7 22. Rd3 Qg6 23. Kh2 fxe3 24. fxe3 Bxf3 25. Bxf3 Ng5 26. Be2 Ne4 27. Bf3 b5 28. Qh4 Ng5 29. Be2 b4 30. Bb2 Rf6 31. Qg3 Rdf8 32. h4 Ne4 33. Qxg6 Rxg6 34. Bf3 Nf2 35. Rd2 Ng4+ 36. Kh3 Ngxe3 37. Re2 Nf4+ 0-1

[Event "CCT Play-in Chessable Masters 2024"]
[Site "Online"]
[Date "2024.01.31"]
[Round "1"]
[White "KantorGergely"]
[Black "Pichot, Alan"]
[Result "0-1"]
[WhiteElo "2517"]
[BlackElo "2644"]
[Annotator "TA"]
[PlyCount "148"]
[EventDate "2024.01.26"]
[EventType "swiss"]
[EventCountry "NET"]
[SourceTitle "playchess.com"]
[Source "ChessBase"]
[SourceQuality "1"]

1. d4 Nf6 2. c4 e6 3. Nf3 d5 4. Nc3 dxc4 5. e4 b5 6. e5 Nd5 7. Nxb5 Nb6 8. Be2 Nc6 9. O-O Be7 10. Qd2 Rb8 11. Nc3 O-O 12. Rd1 Kh8 13. Qf4 f5 14. h4 Nb4 15. Qg3 Ba6 16. h5 N6d5 17. h6 gxh6 18. Bxh6 Rg8 19. Qh3 Nxc3 20. bxc3 Nd5 21. Bd2 Rg6 22. Rab1 Rb6 23. Kh2 Qf8 24. Rxb6 axb6 25. Rh1 b5 26. Kg1 Qg8 27. a3 Bb7 28. Bd1 Nb6 29. Bc2 Rg4 30. Kf1 Qg6 31. Rh2 Be4 32. Bxe4 fxe4 33. Ne1 Rh4 34. Qxh4 Bxh4 35. Rxh4 Nd5 36. Ke2 Qf5 37. g3 Qf8 38. Rxe4 Qxa3 39. Kf1 Nxc3 40. Re3 b4 41. Nc2 Qb2 42. Bxc3 bxc3 43. Re2 Qc1+ 44. Kg2 Qd1 45. Kf3 Qd3+ 46. Ne3 Qxd4 47. Rc2 Qxe5 48. Ke2 Qd4 49. Kf3 h5 50. Ke2 e5 51. Kf3 Kh7 52. Ke2 e4 53. Kf1 Kg6 54. Kg2 Qd3 55. Kh2 Kf7 56. Kh3 Kg6 57. Kh4 Qd4 58. Kh3 Kg5 59. Rc1 Qd2 60. Rc2 Qe1 61. Kg2 h4 62. gxh4+ Kxh4 63. Nxc4 Kg5 64. Ne3 c6 65. Nc4 Kf6 66. Ne3 Ke5 67. Nc4+ Kd4 68. Ne3 Kd3 69. Ra2 Qxe3 70. fxe3 c2 71. Ra1 Kd2 72. Kg3 Kxe3 73. Kg4 Kd2 74. Kf4 e3 0-1

[Event "CCT Play-in Chessable Masters 2024"]
[Site "Online"]
[Date "2024.01.31"]
[Round "1"]
[White "Zarnicki, Pablo"]
[Black "Alonso Rosell, Alvar"]
[Result "0-1"]
[WhiteElo "2514"]
[BlackElo "2562"]
[Annotator "RC"]
[PlyCount "140"]
[EventDate "2024.01.26"]
[EventType "swiss"]
[EventCountry "NET"]
[SourceTitle "playchess.com"]
[Source "ChessBase"]
[SourceQuality "1"]

1. e4 c6 2. d4 d5 3. Nc3 dxe4 4. Nxe4 Nf6 5. Nxf6+ exf6 6. Bc4 Bd6 7. Qe2+ Be7 8. c3 O-O 9. Qc2 Re8 10. Ne2 Nd7 11. Bd2 Nf8 12. O-O-O b5 13. Bd3 Be6 14. Kb1 Bd6 15. Ng3 g6 16. h4 h5 17. Ne4 Be7 18. f3 f5 19. Ng5 Bxg5 20. Bxg5 Qd5 21. b3 a5 22. Rhe1 a4 23. b4 Qd7 24. Re2 Bd5 25. Rde1 Rxe2 26. Qxe2 Ne6 27. Bf6 Re8 28. Qd2 Kh7 29. g4 Nf4 30. Rxe8 Qxe8 31. Qxf4 Qe1+ 32. Kc2 Bxa2 33. Qc1 Bb3+ 34. Kb1 Ba2+ 35. Kc2 Bb3+ 36. Kb1 Qf2 37. Bc2 fxg4 38. fxg4 Qxf6 39. gxh5 Qxh4 40. hxg6+ fxg6 41. Bxb3 axb3 42. Kb2 Qe4 43. Kxb3 Qd5+ 44. Ka3 g5 45. Qe3 Kg6 46. Qe8+ Kf5 47. Qf8+ Ke4 48. Qf1 g4 49. Qf2 Kd3 50. Kb2 Qf3 51. Qc2+ Ke3 52. Qc1+ Kf2 53. Kb3 g3 54. Qd2+ Qe2 55. Qf4+ Kg2 56. Qe5 Qd3 57. Qf4 Kg1 58. Qc1+ Kf2 59. Qf4+ Ke2 60. Qe5+ Kd2 61. Qg5+ Qe3 62. Qg4 Qxc3+ 63. Ka2 Qc2+ 64. Ka3 Qa4+ 65. Kb2 Qxb4+ 66. Ka2 Qc4+ 67. Kb2 Qc3+ 68. Ka2 b4 69. Qf4+ Qe3 70. Qg4 Kc3 0-1

[Event "CCT Play-in Chessable Masters 2024"]
[Site "Online"]
[Date "2024.01.31"]
[Round "1"]
[White "Bocharov, Dmitry"]
[Black "Demidov, Mikhail"]
[Result "1-0"]
[WhiteElo "2513"]
[BlackElo "2546"]
[Annotator "RC"]
[PlyCount "57"]
[EventDate "2024.01.26"]
[EventType "swiss"]
[EventCountry "NET"]
[SourceTitle "playchess.com"]
[Source "ChessBase"]
[SourceQuality "1"]

1. c4 e5 2. d3 Bb4+ 3. Nd2 a5 4. Ngf3 d6 5. g3 Nf6 6. Bg2 O-O 7. O-O Re8 8. a3 Bxd2 9. Bxd2 a4 10. h3 Nbd7 11. e4 Nc5 12. Be3 b6 13. Rb1 Nfd7 14. Nh4 Nf8 15. Nf5 Rb8 16. f4 Ng6 17. Qd2 exf4 18. Bxf4 Bxf5 19. exf5 Nxf4 20. Rxf4 Qf6 21. d4 Nb3 22. Qf2 Na5 23. c5 c6 24. cxd6 Rbd8 25. Re1 Rxe1+ 26. Qxe1 Qxd6 27. f6 gxf6 28. Qe4 Qe6 29. Rg4+ 1-0

[Event "CCT Play-in Chessable Masters 2024"]
[Site "Online"]
[Date "2024.01.31"]
[Round "1"]
[White "Samant Aditya S"]
[Black "messiboca"]
[Result "1-0"]
[WhiteElo "2512"]
[BlackElo "2564"]
[Annotator "RC"]
[PlyCount "103"]
[EventDate "2024.01.26"]
[EventType "swiss"]
[EventCountry "NET"]
[SourceTitle "playchess.com"]
[Source "ChessBase"]
[SourceQuality "1"]

1. e4 c5 2. Nf3 e6 3. d4 cxd4 4. Nxd4 a6 5. c4 Nf6 6. Nc3 Qc7 7. Be2 b6 8. O-O Bb7 9. Qd3 Bb4 10. a3 Bxc3 11. Qxc3 Nxe4 12. Nb5 Nxc3 13. Nxc7+ Kd8 14. Nxe6+ fxe6 15. bxc3 d6 16. Bg4 Re8 17. Re1 e5 18. Be3 Nd7 19. Rab1 Kc7 20. Bxd7 Kxd7 21. Rxb6 Bc6 22. Reb1 Kc7 23. c5 d5 24. Bg5 Rab8 25. Bh4 Rxb6 26. Rxb6 Rb8 27. Rxb8 Kxb8 28. Bg3 Kb7 29. Bxe5 g6 30. f3 a5 31. Kf2 Ka6 32. Ke3 Kb5 33. Kd4 Ka4 34. Bc7 Kxa3 35. Bxa5 Ka4 36. Bd8 Kb3 37. Bf6 Ka4 38. Ke5 Kb5 39. Kd6 Ba8 40. Bd4 Bb7 41. h4 h5 42. g4 Bc8 43. gxh5 gxh5 44. f4 Bg4 45. c6 Bf5 46. Kxd5 Bg4 47. c4+ Ka6 48. Ke5 Be2 49. f5 Bxc4 50. f6 Bf7 51. Kd6 Bg6 52. Ke7 1-0

[Event "CCT Play-in Chessable Masters 2024"]
[Site "Online"]
[Date "2024.01.31"]
[Round "1"]
[White "Raja Harshit"]
[Black "Shevchenko, Kirill"]
[Result "0-1"]
[WhiteElo "2508"]
[BlackElo "2651"]
[Annotator "TA"]
[PlyCount "66"]
[EventDate "2024.01.26"]
[EventType "swiss"]
[EventCountry "NET"]
[SourceTitle "playchess.com"]
[Source "ChessBase"]
[SourceQuality "1"]

1. e4 e5 2. Nf3 Nc6 3. Bb5 Nge7 4. d4 exd4 5. O-O Ng6 6. Nxd4 Bc5 7. Be3 Nxd4 8. Bxd4 Bxd4 9. Qxd4 Qg5 10. e5 a6 11. f4 Nxf4 12. Rxf4 axb5 13. Nc3 O-O 14. Rg4 Qh6 15. Nd5 Ra4 16. b4 Kh8 17. Rh4 Qg6 18. Rg4 Qh6 19. Nxc7 d5 20. Rf4 Qc6 21. Nxd5 Be6 22. Nc3 Ra3 23. Ne4 Qxc2 24. h3 h6 25. Rf2 Rd3 26. Qc5 Rd1+ 27. Rxd1 Qxd1+ 28. Kh2 Rc8 29. Qd6 Qe1 30. Qd4 Rc4 31. Qd8+ Kh7 32. Nf6+ gxf6 33. Rxf6 Qxe5+ 0-1

[Event "CCT Play-in Chessable Masters 2024"]
[Site "Online"]
[Date "2024.01.31"]
[Round "1"]
[White "Guliyev, Namig"]
[Black "Bluebaum, Matthias"]
[Result "1/2-1/2"]
[WhiteElo "2506"]
[BlackElo "2655"]
[Annotator "TA"]
[PlyCount "132"]
[EventDate "2024.01.26"]
[EventType "swiss"]
[EventCountry "NET"]
[SourceTitle "playchess.com"]
[Source "ChessBase"]
[SourceQuality "1"]

1. e4 e6 2. d4 d5 3. Nc3 Nf6 4. e5 Nfd7 5. f4 c5 6. Nf3 Nc6 7. Be3 a6 8. Qd2 b5 9. dxc5 Bxc5 10. Ne2 Qb6 11. Bxc5 Nxc5 12. Ned4 Ne4 13. Qe3 O-O 14. Bd3 b4 15. O-O a5 16. Rfe1 Rd8 17. Nxc6 Qxc6 18. a3 Ba6 19. axb4 axb4 20. Bxe4 dxe4 21. Qxe4 Qb6+ 22. Qe3 Qc7 23. Nd4 Bb7 24. c3 bxc3 25. bxc3 h6 26. h3 Rdc8 27. Rxa8 Rxa8 28. Re2 Qc4 29. f5 exf5 30. Nxf5 Qe6 31. Nd4 Qd5 32. Qg3 Ra1+ 33. Kh2 Bc8 34. Qe3 Bb7 35. Nf5 Qe6 36. Nd4 Qd5 37. e6 Qd6+ 38. Qe5 Qxe5+ 39. Rxe5 fxe6 40. Rxe6 Rc1 41. Re7 Bd5 42. Re3 Kf7 43. h4 Kf6 44. Kh3 g5 45. hxg5+ hxg5 46. Kg3 Rg1 47. Re2 Rd1 48. Rf2+ Kg6 49. Kh2 Rd3 50. Nf5 Be4 51. Ng3 Bd5 52. Rc2 Bb3 53. Rc1 Bc4 54. Ne4 Bd5 55. Nf2 Rd2 56. Kg1 Bc4 57. g4 Re2 58. Rd1 Re3 59. Rd6+ Kg7 60. Rc6 Rxc3 61. Ne4 Rc1+ 62. Kh2 Rc2+ 63. Kg3 Bd3 64. Rxc2 Bxc2 65. Nxg5 Bd1 66. Kf4 Bxg4 1/2-1/2